<?xml version="1.0" encoding="UTF-8"?>
<record
    xmlns:xsi="http://www.w3.org/2001/XMLSchema-instance"
    xsi:schemaLocation="http://www.loc.gov/MARC21/slim http://www.loc.gov/standards/marcxml/schema/MARC21slim.xsd"
    xmlns="http://www.loc.gov/MARC21/slim">

  <leader>01247nam a2200313 a 4500</leader>
  <datafield tag="999" ind1=" " ind2=" ">
    <subfield code="c">358082</subfield>
    <subfield code="d">358082</subfield>
  </datafield>
  <controlfield tag="001">000000430329</controlfield>
  <controlfield tag="003">IT-MiSPE</controlfield>
  <controlfield tag="005">20200317144050.0</controlfield>
  <controlfield tag="008">171026s2017    it b          001 0dita d</controlfield>
  <datafield tag="020" ind1=" " ind2=" ">
    <subfield code="a">9788839928863</subfield>
    <subfield code="c">37.00 EUR</subfield>
  </datafield>
  <datafield tag="040" ind1=" " ind2=" ">
    <subfield code="a">IT-MiSPE</subfield>
    <subfield code="b">ita</subfield>
    <subfield code="d">IT-MiSPE</subfield>
    <subfield code="c">IT-MiSPE</subfield>
  </datafield>
  <datafield tag="041" ind1=" " ind2=" ">
    <subfield code="a">ita</subfield>
    <subfield code="h">hol</subfield>
  </datafield>
  <datafield tag="082" ind1=" " ind2=" ">
    <subfield code="a">227.092-MEI fi pa (axa 23215)</subfield>
  </datafield>
  <datafield tag="100" ind1="1" ind2=" ">
    <subfield code="a">Meijer, Fik,</subfield>
    <subfield code="d">1942-,</subfield>
    <subfield code="e">autore.</subfield>
    <subfield code="9">57533</subfield>
  </datafield>
  <datafield tag="240" ind1="1" ind2="0">
    <subfield code="a">Paulus: een leven tussen Jeruzalem en Rome.</subfield>
    <subfield code="l">hol</subfield>
  </datafield>
  <datafield tag="245" ind1="1" ind2="0">
    <subfield code="a">Paolo: l'ultimo apostolo /</subfield>
    <subfield code="c">Fik Meijer ; postfazione all'edizione italiana di Stefano Romanello.</subfield>
  </datafield>
  <datafield tag="260" ind1=" " ind2=" ">
    <subfield code="a">Brescia :</subfield>
    <subfield code="b">Queriniana,</subfield>
    <subfield code="c">&#xA9;2017.</subfield>
  </datafield>
  <datafield tag="300" ind1=" " ind2=" ">
    <subfield code="a">309 p. :</subfield>
    <subfield code="b">c. geogr. ;</subfield>
    <subfield code="c">22 cm</subfield>
  </datafield>
  <datafield tag="490" ind1="1" ind2=" ">
    <subfield code="a">Books</subfield>
  </datafield>
  <datafield tag="500" ind1=" " ind2=" ">
    <subfield code="a">Tit. orig.: Paulus: een leven tussen Jeruzalem en Rome</subfield>
  </datafield>
  <datafield tag="504" ind1=" " ind2=" ">
    <subfield code="a">Bibliografia (p. [293]-297) e indice</subfield>
  </datafield>
  <datafield tag="600" ind1="0" ind2="4">
    <subfield code="a">Paulus Apostolus,</subfield>
    <subfield code="c">santo.</subfield>
    <subfield code="9">57523</subfield>
  </datafield>
  <datafield tag="655" ind1=" " ind2="7">
    <subfield code="a">Sacra Scrittura. Studi sul Nuovo Testamento</subfield>
    <subfield code="x">Paolo: studi e teologia.</subfield>
    <subfield code="2">local</subfield>
    <subfield code="9">56750</subfield>
  </datafield>
  <datafield tag="655" ind1=" " ind2="7">
    <subfield code="a">Sacra Scrittura. Studi sul Nuovo Testamento</subfield>
    <subfield code="x">Paolo: biografia.</subfield>
    <subfield code="2">local</subfield>
    <subfield code="9">57519</subfield>
  </datafield>
  <datafield tag="700" ind1="1" ind2=" ">
    <subfield code="a">Romanello, Stefano,</subfield>
    <subfield code="c">sacerdote,</subfield>
    <subfield code="d">1961-,</subfield>
    <subfield code="e">autore di postfazione/colophon.</subfield>
    <subfield code="9">57534</subfield>
  </datafield>
  <datafield tag="830" ind1=" " ind2="0">
    <subfield code="a">Books [Queriniana].</subfield>
    <subfield code="9">57535</subfield>
  </datafield>
  <datafield tag="942" ind1=" " ind2=" ">
    <subfield code="2">ddc</subfield>
    <subfield code="c">BK</subfield>
  </datafield>
  <datafield tag="952" ind1=" " ind2=" ">
    <subfield code="0">0</subfield>
    <subfield code="1">0</subfield>
    <subfield code="2">ddc</subfield>
    <subfield code="4">0</subfield>
    <subfield code="6">227_000000000000000_092MEI_FI_PA_AXA_23215</subfield>
    <subfield code="7">1</subfield>
    <subfield code="a">CINISELLO</subfield>
    <subfield code="b">CINISELLO</subfield>
    <subfield code="d">2018-11-23</subfield>
    <subfield code="l">0</subfield>
    <subfield code="o">227.092-MEI fi pa (axa 23215)</subfield>
    <subfield code="p">9788839928863</subfield>
    <subfield code="r">2018-11-23 00:00:00</subfield>
    <subfield code="w">2018-11-23</subfield>
    <subfield code="y">BK</subfield>
  </datafield>
</record>
